Improve your service (Record no. 76462)
[ view plain ]
| 000 -LEADER | |
|---|---|
| fixed length control field | 01498cab a2200289 4500 |
| 001 - CONTROL NUMBER | |
| control field | ##L132467 |
| 008 - FIXED-LENGTH DATA ELEMENTS--GENERAL INFORMATION | |
| fixed length control field | 060210n2006 000 0 eng u |
| 035 ## - SYSTEM CONTROL NUMBER | |
| System control number | (Sirsi) u132467 |
| 041 0# - LANGUAGE CODE | |
| Language code of text/sound track or separate title | eng |
| 100 1# - MAIN ENTRY--PERSONAL NAME | |
| Personal name | Humphreys, Emma |
| 245 00 - TITLE STATEMENT | |
| Title | Improve your service |
| 260 ## - PUBLICATION, DISTRIBUTION, ETC. | |
| Date of publication, distribution, etc. | 2006 |
| 490 #0 - SERIES STATEMENT | |
| Series statement | Estates Gazette |
| Volume/sequential designation | (0605) 4 February 2006, 268-269(2) |
| 520 ## - SUMMARY, ETC. | |
| Summary, etc. | The second of two "Mainly for students" articles" (see also L132312) on serving notices in respect of leases explains why requirements for contractual and statutory notices must be followed precisely. Discusses the general principles of service, best practice in the actual serving of the notice and situations where the serving of notices is merely tactical. Provides a checklist of things to consider when serving a notice and a list of relevant case law. |
| 590 ## - LOCAL NOTE (RLIN) | |
| Local note | IKA140206 |
| 650 24 - SUBJECT ADDED ENTRY--TOPICAL TERM | |
| Topical term or geographic name entry element | COMMONHOLD AND LEASEHOLD ACT 2002 S166 |
| 650 24 - SUBJECT ADDED ENTRY--TOPICAL TERM | |
| Topical term or geographic name entry element | MANNAI INVESTMENT CO LTD V EAGLE STAR LIFE ASSURANCE CO LTD UK |
| 650 24 - SUBJECT ADDED ENTRY--TOPICAL TERM | |
| Topical term or geographic name entry element | BLUNDEN V FROGMORE INVESTMENTS |
| 650 24 - SUBJECT ADDED ENTRY--TOPICAL TERM | |
| Topical term or geographic name entry element | VISCOUNT CHELSEA V MORRIS |
| 650 24 - SUBJECT ADDED ENTRY--TOPICAL TERM | |
| Topical term or geographic name entry element | NINE CORNWALL CRESCENT LONDON LTD V KENSINGTON AND CHELSEA LBC |
| 650 24 - SUBJECT ADDED ENTRY--TOPICAL TERM | |
| Topical term or geographic name entry element | RAVENSEFT PROPERTIES LTD V HALL |
| 650 24 - SUBJECT ADDED ENTRY--TOPICAL TERM | |
| Topical term or geographic name entry element | SUN LIFE ASSURANCE PLC V THALES TRACS LTD AND ANOTHER |
| 650 24 - SUBJECT ADDED ENTRY--TOPICAL TERM | |
| Topical term or geographic name entry element | UNITED SCIENTIFIC HOLDINGS LTD V BURNLEY BC |
| 690 ## - LOCAL SUBJECT ADDED ENTRY--TOPICAL TERM (OCLC, RLIN) | |
| Topical term or geographic name as entry element | PROPERTY-COMMERCIAL PROPERTY-LEASEHOLD COMMERCIAL PROPERTY-COMMERCIAL LANDLORD AND TENANT-BUSINESS TENANCIES |
| 700 1# - ADDED ENTRY--PERSONAL NAME | |
| Personal name | Seitler, Jonathan |
| 942 ## - ADDED ENTRY ELEMENTS (KOHA) | |
| Suppress in OPAC | 0 |
| Withdrawn status | Lost status | Source of classification or shelving scheme | Damaged status | Not for loan | Home library | Current library | Shelving location | Date acquired | Total Checkouts | Full call number | Barcode | Date last seen | Copy number | Price effective from | Koha item type |
|---|---|---|---|---|---|---|---|---|---|---|---|---|---|---|---|
| Dewey Decimal Classification | London | London | Journal article | 10/02/2006 | L132467 | 132467-1001 | 06/08/2019 | 1 | 06/08/2019 | Journal article |